000 01701nam a22003615i 4500
001 153718
003 ES-MaACL
005 20250827062626.0
008 991028q1786 sp l |||| | spa d
040 _aCCPB | B
_bspa
_cES-MaACL
110 1 _aEspaña
_eisb
_93622
240 0 _aTratados, etc.
_gGran Bretaña,
_d1783
245 1 0 _aConvención para explicar, ampliar y hacer efectivo lo estipulado en el artículo sexto del Tratado definitivo de paz del año de 1783 :
_bconcluida entre el Rey Nuestro Señor y el Rey de la Gran Bretaña, firmada en Londres a 14 de julio de 1786 : ratificada por ambos soberanos
260 _aEn Madrid :
_ben la Imprenta Real,
_c[ca. 1786]
300 _a41 páginas, [1] en blanco ;
_c
530 _aDisponible en formato digital
546 _aTexto paralelo francés-español
596 _aFecha probable de impresión tomada del título
597 _aEscudo real xilográfico en portada, escudo de armas del rey Carlos III
650 4 _aGuerra anglo-española, 1779-1783
_9163559
651 4 _aEspaña-
_xRelaciones-
_zGran Bretaña
_9143992
651 4 _aGran Bretaña-
_xRelaciones-
_zEspaña
_9143993
655 0 _9241468
_aTratados internacionales
710 _aGran Bretaña.
_tTratados, etc.,
_d1786
_9241474
710 2 _aImprenta Real (Madrid)
_eprm
_9134468
752 _aEspaña -
_dMadrid
852 _aES-MaACL
_cDEPO
_dOlim:G-1611
_jR-830(1)
_xPiel, no original de la época
856 4 _uhttps://bdh-rd.bne.es/viewer.vm?id=0000255549&page=1
_yVersión en línea
_z(Biblioteca Digital Hispánica)
942 _cMONANT
_n0
999 _c153718
_d153718